| 000 -CABECERA |
| campo de control de longitud fija |
01821nam a2200301Ia 4500 |
| 003 - IDENTIFICADOR DEL NÚMERO DE CONTROL |
| campo de control |
OSt |
| 005 - FECHA Y HORA DE LA ÚLTIMA TRANSACCIÓN |
| campo de control |
20210113082433.0 |
| 008 - DATOS DE LONGITUD FIJA--INFORMACIÓN GENERAL |
| campo de control de longitud fija |
121119s2001 sp gr 000 f spa |
| 020 ## - NÚMERO INTERNACIONAL ESTÁNDAR DEL LIBRO |
| Número Internacional Estándar del Libro |
9789585234055 |
| 040 ## - FUENTE DE LA CATALOGACIÓN |
| Centro catalogador/agencia de origen |
CO-BoRNBP |
| Lengua de catalogación |
spa |
| Normas de descripción |
rda |
| Centro/agencia transcriptor |
CO-BoRNBP |
| 041 1# - CÓDIGO DE LENGUA |
| Código de lengua del texto/banda sonora o título independiente |
spa |
| 082 ## - NÚMERO DE LA CLASIFICACIÓN DECIMAL DEWEY |
| Número de edición |
JN |
| Número de clasificación |
ROW |
| 100 1# - ENTRADA PRINCIPAL--NOMBRE DE PERSONA |
| Nombre de persona |
Rowling, Joanne Kathleen |
| 9 (RLIN) |
38508 |
| 245 10 - MENCIÓN DE TÍTULO |
| Título |
Harry Potter y la cámara secreta |
| Mención de responsabilidad, etc. |
J. K. Rowling |
| 264 ## - PRODUCCIÓN, PUBLICACIÓN, DISTRIBUCIÓN, FABRICACIÓN Y COPYRIGHT |
| Producción, publicación, distribución, fabricación y copyright |
Bogotá |
| Nombre del de productor, editor, distribuidor, fabricante |
Pinguin Ramdon House |
| Fecha de producción, publicación, distribución, fabricación o copyright |
2020 |
| 300 ## - DESCRIPCIÓN FÍSICA |
| Extensión |
304 páginas |
| Dimensiones |
20 cm |
| 336 ## - TIPO DE CONTENIDO |
| Término de tipo de contenido |
texto |
| Código de tipo de contenido |
txt |
| Fuente |
rdacontent |
| 337 ## - TIPO DE MEDIO |
| Nombre/término del tipo de medio |
sin mediación |
| Código del tipo de medio |
n |
| Fuente |
rdamedia |
| 338 ## - TIPO DE SOPORTE |
| Nombre/término del tipo de soporte |
volumen |
| Código del tipo de soporte |
nc |
| Fuente |
rdacarrier |
| 490 0# - MENCIÓN DE SERIE |
| Mención de serie |
Harry Potter |
| 500 ## - NOTA GENERAL |
| Nota general |
Harry Potter y la cámara secreta, el segundo volumen de la ya clásica serie de novelas fantásticas de la autora británica J.K. Rowling.<br/>«Hay una conspiración, Harry Potter. Una conspiración para hacer que este año sucedan las cosas más terribles en el Colegio Hogwarts de Magia y Hechicería.»<br/><br/>El verano de Harry Potter ha incluido el peor cumpleaños de su vida, las funestas advertencias de un elfo doméstico llamado Dobby y el rescate de casa de los Dursley protagonizado por su amigo Ron Weasley al volante de un coche mágico volador. De vuelta en el Colegio Hogwarts de Magia y Hechicería, donde va a empezar su segundo curso, Harry oye unos extraños susurros que resuenan por los pasillos vacíos. Y entonces empiezan los ataques y varios alumnos aparecen petrificados... Por lo visto, las siniestras predicciones de Dobby se están cumpliendo.... |
| 650 14 - PUNTO DE ACCESO ADICIONAL DE MATERIA--TÉRMINO DE MATERIA |
| Término de materia o nombre geográfico como elemento de entrada |
Novela juvenil inglesa |
| Subdivisión cronológica |
Siglo XX |
| Fuente del encabezamiento o término |
LEMB |
| 9 (RLIN) |
4333 |
| 650 14 - PUNTO DE ACCESO ADICIONAL DE MATERIA--TÉRMINO DE MATERIA |
| Término de materia o nombre geográfico como elemento de entrada |
Literatura juvenil inglesa |
| Subdivisión cronológica |
Siglo XX |
| Fuente del encabezamiento o término |
LEMB |
| 9 (RLIN) |
4334 |
| 650 14 - PUNTO DE ACCESO ADICIONAL DE MATERIA--TÉRMINO DE MATERIA |
| Término de materia o nombre geográfico como elemento de entrada |
Magia en la literatura |
| Fuente del encabezamiento o término |
LEMB |
| 9 (RLIN) |
8165 |
| 700 1# - PUNTO DE ACCESO ADICIONAL--NOMBRE DE PERSONA |
| Nombre de persona |
Martín Azofra, Nieves |
| Término indicativo de función/relación |
traductor |
| 9 (RLIN) |
38509 |
| 700 1# - PUNTO DE ACCESO ADICIONAL--NOMBRE DE PERSONA |
| Nombre de persona |
Muñoz García, Adolfo |
| 9 (RLIN) |
38510 |
| 942 ## - ELEMENTOS DE PUNTO DE ACCESO ADICIONAL (KOHA) |
| Tipo de ítem Koha |
Libro Literatura |